| 000 | 00571 a2200205 4500 | ||
|---|---|---|---|
| 999 |
_c32015 _d32015 |
||
| 003 | OSt | ||
| 005 | 20260312164818.0 | ||
| 008 | 260119b ||||| |||| 00| 0 eng d | ||
| 020 | _a9789365891034 | ||
| 040 | _c. | ||
| 082 |
_a005.133 _bK1636 |
||
| 100 |
_91612 _aKanetkar, Yashavant |
||
| 245 |
_aLet us Python / _cYashavant Kanetkar and Aditya Kanetkar |
||
| 250 | _a7th ed. | ||
| 260 |
_bBPB Publications, _aNew Delhi : _c2025. |
||
| 300 | _a548 p. | ||
| 650 | 0 |
_95569 _aPython (Computer programme language) |
|
| 700 |
_96699 _aKanetkar, Aditya |
||
| 942 |
_2ddc _cBK |
||